|
|
|
|
| LEADER |
00000nab a2200000 a 4500 |
| 001 |
vtls000636660 |
| 003 |
SK-MaSNL |
| 005 |
20260304093631.0 |
| 008 |
250425c1997 xo 0 slo |
| 015 |
|
|
|a SNBRB19rr/mm-uuuuu
|
| 035 |
|
|
|a CL0636799
|
| 035 |
|
|
|a urn:nbn:sk:snk-ab25s4
|
| 035 |
|
|
|a (urnnbn)urn:nbn:sk:snk:ar-a01pqi
|
| 035 |
|
|
|a (uuid)40bff0a5-baa0-445a-b6dd-fcbb59d2404f
|
| 040 |
|
|
|a SNKBUCL
|b slo
|c SNKBUCL
|e AACR2
|
| 041 |
0 |
|
|a slo
|
| 044 |
|
|
|a xo
|c SK
|
| 080 |
|
|
|a 336.71:658.8
|2 1981
|
| 080 |
|
|
|a 658.8
|2 1981
|
| 080 |
|
|
|a 339.138
|2 1981
|
| 100 |
1 |
|
|a Csákóová, Eleonóra
|4 aut
|9 1388950
|
| 245 |
1 |
0 |
|a Bankový marketing a bankové služby
|c Eleonóra Csákóová
|
| 300 |
|
|
|b Grafy 4, tab. 2, lit. 7 zázn. v angl.
|
| 650 |
0 |
7 |
|a bankovníctvo
|2 snkbucl
|9 2101
|
| 650 |
0 |
7 |
|a marketing bankový
|2 snkbucl
|9 568608
|
| 655 |
|
7 |
|a články z novín a časopisov
|2 snkbucl
|9 267496
|
| 773 |
0 |
|
|t Biatec
|g Roč. 5, č. 8 (1997), s. 15-22
|x 1335-0900
|
| 850 |
|
|
|a Slovenská národná knižnica
|
| 852 |
|
|
|a Slovenská národná knižnica
|
| 954 |
|
|
|a odborná, vedecká literatúra pôvodná (slovenská)
|2 lita
|
| 958 |
|
|
|a article2022
|
| 958 |
|
|
|a NB
|
| 958 |
|
|
|a RK
|
| 958 |
|
|
|a OND
|
| 958 |
|
|
|a EUIPO
|
| 992 |
|
|
|a RBX
|
| 999 |
|
|
|c 2823949
|d 2825879
|